Vayanse pa'l Diablo/ (Record no. 2833)

MARC details
000 -LEADER
campo de control de longitud fija 00891nam a22002657a 4500
003 - IDENTIFICADOR DE NÚMERO DE CONTROL
campo de control OSt
005 - FECHA Y HORA DE LA ÚLTIMA TRANSACCIÓN
campo de control 20230119095604.0
008 - DATOS DE LONGITUD FIJA--INFORMACIÓN GENERAL
campo de control de longitud fija 221006b |||||||| |||| 00| 0 eng d
020 ## - NÚMERO INTERNACIONAL ESTÁNDAR DEL LIBRO
Número Internacional Estándar del Libro 978 958 46 9589 5
040 ## - FUENTE DE CATALOGACIÓN
Centro/agencia transcriptor Biblioteca Lado V
082 ## - NÚMERO DE LA CLASIFICACIÓN DECIMAL DEWEY
Número de clasificación C861.5
Número de ítem T266v
100 ## - ENTRADA PRINCIPAL--NOMBRE DE PERSONA
Término indicativo de función/relación autor
9 (RLIN) 577
Nombre de persona Tejada Sanchez, Miguel
245 ## - MENCIÓN DEL TÍTULO
Título Vayanse pa'l Diablo/
Resto del título Partida de canallas | Partida de sinverguenzas/
260 ## - PUBLICACIÓN, DISTRIBUCIÓN, ETC.
Nombre del editor, distribuidor, etc. SEMPERTYRANNIS
Lugar de publicación, distribución, etc. Colombia
Fecha de publicación, distribución, etc. 2016
300 ## - DESCRIPCIÓN FÍSICA
Dimensiones 17x24cm
Extensión 139p.
490 ## - MENCIÓN DE SERIE
Designación de volumen o secuencia tomo 1
650 ## - PUNTO DE ACCESO ADICIONAL DE MATERIA--TÉRMINO DE MATERIA
Fuente del encabezamiento o término Tesauro de Arte & Arquitectura
Término de materia o nombre geográfico como elemento de entrada POESIA
650 ## - PUNTO DE ACCESO ADICIONAL DE MATERIA--TÉRMINO DE MATERIA
Fuente del encabezamiento o término Tesauro de Arte & Arquitectura
Término de materia o nombre geográfico como elemento de entrada LITERATURA COLOMBIANA
650 ## - PUNTO DE ACCESO ADICIONAL DE MATERIA--TÉRMINO DE MATERIA
Fuente del encabezamiento o término Tesauro de Arte & Arquitectura
Término de materia o nombre geográfico como elemento de entrada ARTE Y LETRAS
700 ## - ENTRADA AGREGADA--NOMBRE PERSONAL
Nombre de persona Aguilar, Jose
Término indicativo de función/relación autor
700 ## - ENTRADA AGREGADA--NOMBRE PERSONAL
Nombre de persona Morales, Luis
Término indicativo de función/relación autor
700 ## - ENTRADA AGREGADA--NOMBRE PERSONAL
Nombre de persona Juracan, Maya
Término indicativo de función/relación autor
700 ## - ENTRADA AGREGADA--NOMBRE PERSONAL
Nombre de persona Chavez, Rosa
Término indicativo de función/relación autor
942 ## - ELEMENTOS DE ENTRADA SECUNDARIOS (KOHA)
Fuente del sistema de clasificación o colocación Clasificación Decimal Dewey
Tipo de ítem Koha Libros
Parte de la signatura que corresponde a la clasificación (Parte de la clasificación) C861.5
Parte de la signatura que identifica el ejemplar (Parte del ítem) T266v
Suprimir en OPAC No
Holdings
Estatus retirado Estado de pérdida Fuente del sistema de clasificación o colocación Estado de daño No para préstamo Biblioteca de origen Biblioteca actual Fecha de adquisición Número de inventario Total de préstamos Signatura topográfica completa Código de barras Visto por última vez Precio de reemplazo Tipo de ítem Koha
    Clasificación Decimal Dewey     Biblioteca LadoV Biblioteca LadoV 18/01/2023 005046   C861.5 T266v 005046 18/01/2023 18/01/2023 Libros